| 000 | 00943cam a22001934a 4500 | ||
|---|---|---|---|
| 005 | 20250605164216.0 | ||
| 008 | 250528s ||||||||||||||||||||||||d | ||
| 035 | _a20487 | ||
| 020 | _a701207264 | ||
| 040 |
_aGR-AtMCL _bgre _dGR-AtMCL _eAACR2 |
||
| 245 | 1 | _aThe Use and Abuse of History | |
| 260 |
_bThe Hogarth Press, _c1986 |
||
| 300 | _a258 | ||
| 520 | _aThe world is unwilling to let go of the past, real or fictitious. Preface, Myth and Memory and History, The Ancestral Constitution, Generalizations in Ancient History, The Historical Tradition: The Contribution of Arnaldo Momigliano, Archaeology and History, Anthropology and the Classics, The Ancient Greeks and Their Nation, The Problem of the Unity of Greek Law, The Alienability of Land in Ancient Greece, Sparta, Utopianism Ancient and Modern, The Heritage of Isocrates, Notes, Index. | ||
| 700 | 1 |
_aFinley M. I _96468 |
|
| 942 | _cBK | ||
| 999 |
_c5589 _d5589 |
||